000 00702nam a2200253 i 4500
001 bg
245 7 0 _aSQL server 7 data warehousing /
_cMichael Corey [ et al.].
260 _aBerkeley [etc.] :
_bOsborne ; McGraw-Hill,
_c1999.
300 _aXXXII, 478 s. :
_brys. ;
_c23 cm +
_eCD-ROM.
490 1 _aDatabase Professional's Library
504 _aIndeks.
650 9 _aBaza danych
650 9 _aSQL
655 _aPodręczniki
700 1 _aCOREY, Michael.
830 _aDatabase Professional's Library
020 _a0072119217
040 _cBPK
041 0 _aen
080 _a004.65:004.438(07)SQL
920 _a0-07-211921-7
942 _cKS
008 s pl f |000 0 pol
999 _c34178
_d34178
856 _uhttp://koha.tu.koszalin.pl/cgi-bin/koha/opac-detail.pl?biblionumber=34178
_yKatalog online BPK